| LDR | | 00000nam c2200205 k 4500 |
| 001 | | 000000338712 |
| 005 | | 20250805134340 |
| 007 | | ta |
| 008 | | 250729s2019 ulka r 000a kor |
| 020 | |
▼a 9788928645398
▼g 03300 :
▼c \14000 |
| 040 | |
▼a 248032
▼c 248032
▼d 248032 |
| 041 | 1 |
▼a kor
▼h eng |
| 049 | 0 |
▼l EM111141
▼l EM111142
▼c 2
▼l EM111143
▼c 3 |
| 056 | |
▼a 539.98
▼2 4 |
| 090 | |
▼a 539.98
▼b 맥874ㅍ |
| 245 | 20 |
▼a 플라스틱 없는 삶 :
▼b #플라스틱제로 /
▼d 윌 맥컬럼 지음;
▼e 하인해 옮김 |
| 246 | 11 |
▼a How to give up plastic :
▼b a guide to changing the world, one plastic bottle at a time |
| 250 | |
▼a 초판 |
| 260 | |
▼a 서울 :
▼b 북하이브,
▼c 2019 |
| 300 | |
▼a 231 p. :
▼b 삽화 ;
▼c 21 cm |
| 500 | |
▼a 원저자명 : Will McCallum |
| 546 | |
▼a 영어 원작을 한국어로 번역 |
| 653 | |
▼a 환경보호
▼a 플라스틱
▼a 환경문제 |
| 700 | 1 |
▼a 맥컬럼, 윌,
▼e 저 |
| 700 | 1 |
▼a 하인해,
▼e 옮김 |
| 900 | 11 |
▼a McCallum, Will |
| 950 | 0 |
▼b \14000 |
| 990 | |
▼a 관리자2
▼b 관리자2 |